CELL AND MOLECULAR BIOLOGY (Record no. 32444)

MARC details
000 -LEADER
fixed length control field 00322nam a22001457a 4500
003 - CONTROL NUMBER IDENTIFIER
control field SGT
020 ## - INTERNATIONAL STANDARD BOOK NUMBER
International Standard Book Number 97815-43343-16-8
082 ## - DEWEY DECIMAL CLASSIFICATION NUMBER
Classification number 570
Item number DWI
100 ## - MAIN ENTRY--PERSONAL NAME
Personal name DEIVEDI, DR. SUMEET
245 ## - TITLE STATEMENT
Title CELL AND MOLECULAR BIOLOGY
260 ## - PUBLICATION, DISTRIBUTION, ETC. (IMPRINT)
Place of publication, distribution, etc INDIA
Name of publisher, distributor, etc PEE VEE PUB.
Year of Publication 2019
300 ## - PAGE DESCRIPTION
No. of Pages 220
650 ## - SUBJECT ADDED ENTRY--TOPICAL TERM
Topical term or geographic name as entry element BIOLOGY
942 ## - ADDED ENTRY ELEMENTS (KOHA)
Source of classification or shelving scheme Dewey Decimal Classification
Koha item type Books

No items available.